[Event "DEM U14 2020"]
[Site "Willingen GER"]
[Date "2020.10.22"]
[Round "4"]
[White "Kort, Felix"]
[Black "Stork, Christopher"]
[Result "0-1"]
[Termination "normal"]
[Board "8"]
[WhiteElo "1823"]
[BlackElo "1869"]
[WhiteClock "00:00:33"]
[BlackClock "00:02:31"]
[PlyCount "80"]
[WhiteFideId "16220129"]
[BlackFideId "16215400"]
[EventCountry "GER"]
[EventRounds "7"]
[EventType "swiss"]
[EventDate "2020.10.19"]

1. d4 {[%clk 1:30:57]} Nf6 {[%clk 1:30:53]} 2. c4 {[%clk 1:31:23]} c5 {[%clk
1:31:10]} 3. d5 {[%clk 1:31:48]} g6 {[%clk 1:31:17]} 4. Nc3 {[%clk 1:31:52]}
Bg7 {[%clk 1:31:20]} 5. e4 {[%clk 1:31:47]} O-O {[%clk 1:31:11]} 6. f4 {[%clk
1:24:05]} d6 {[%clk 1:28:52]} 7. h3 {[%clk 1:20:38]} Nbd7 {[%clk 1:24:05]} 8.
Nf3 {[%clk 1:20:05]} Qc7 {[%clk 1:21:56]} 9. Bd3 {[%clk 1:17:34]} a6 {[%clk
1:14:08]} 10. O-O {[%clk 1:15:58]} e6 {[%clk 1:11:56]} 11. Re1 {[%clk 1:11:51]}
exd5 {[%clk 1:09:34]} 12. cxd5 {[%clk 1:10:20]} Re8 {[%clk 1:06:52]} 13. a4
{[%clk 1:09:04]} b6 {[%clk 1:00:58]} 14. Bc4 {[%clk 1:00:33]} Bb7 {[%clk
0:59:29]} 15. Qd3 {[%clk 0:46:57]} Rad8 {[%clk 0:42:38]} 16. Bxa6 {[%clk
0:39:44]} Bxa6 {[%clk 0:39:00]} 17. Qxa6 {[%clk 0:39:24]} c4 {[%clk 0:37:47]}
18. Be3 {[%clk 0:23:11]} Nxe4 {[%clk 0:34:08]} 19. Bd4 {[%clk 0:21:31]} Bxd4+
{[%clk 0:29:01]} 20. Nxd4 {[%clk 0:20:07]} Qc5 {[%clk 0:25:26]} 21. Rad1 {[%clk
0:14:34]} Nxc3 {[%clk 0:19:44]} 22. bxc3 {[%clk 0:14:13]} Qxd5 {[%clk 0:17:44]}
23. Qa7 {[%clk 0:12:03]} Nc5 {[%clk 0:15:32]} 24. Qxb6 {[%clk 0:07:59]} Nd3
{[%clk 0:14:43]} 25. Rxe8+ {[%clk 0:07:28]} Rxe8 {[%clk 0:15:11]} 26. Qb5
{[%clk 0:06:18]} Qe4 {[%clk 0:14:02]} 27. Rf1 {[%clk 0:04:47]} Qe3+ {[%clk
0:08:01]} 28. Kh1 {[%clk 0:04:21]} Re4 {[%clk 0:07:52]} 29. Qb8+ {[%clk
0:02:28]} Kg7 {[%clk 0:07:51]} 30. f5 {[%clk 0:02:13]} Qg3 {[%clk 0:02:42]} 31.
f6+ {[%clk 0:01:51]} Kh6 {[%clk 0:03:07]} 32. Qf8+ {[%clk 0:01:44]} Kh5 {[%clk
0:01:47]} 33. Nf3 {[%clk 0:01:16]} Re2 {[%clk 0:01:45]} 34. Ne1 {[%clk
0:00:43]} Nxe1 {[%clk 0:01:33]} 35. Rf5+ {[%clk 0:00:43]} gxf5 {[%clk 0:01:54]}
36. Qxf7+ {[%clk 0:01:06]} Qg6 {[%clk 0:02:20]} 37. g4+ {[%clk 0:01:15]} fxg4
{[%clk 0:02:28]} 38. hxg4+ {[%clk 0:01:35]} Kxg4 {[%clk 0:02:39]} 39. Qd7+
{[%clk 0:01:05]} Kh4 {[%clk 0:02:53]} 40. Qc6 {[%clk 0:00:33]} Qg2+ {[%clk
0:02:31]} 0-1

[Event "DEM U14 2020"]
[Site "Willingen GER"]
[Date "2020.10.22"]
[Round "4"]
[White "Freude, Max"]
[Black "Hagner, Bennet"]
[Result "0-1"]
[Termination "normal"]
[Board "11"]
[WhiteElo "1850"]
[BlackElo "2080"]
[WhiteClock "00:08:33"]
[BlackClock "00:12:03"]
[PlyCount "114"]
[WhiteFideId "16236157"]
[BlackFideId "16224477"]
[EventCountry "GER"]
[EventRounds "7"]
[EventType "swiss"]
[EventDate "2020.10.19"]

1. e4 {[%clk 1:30:40]} e5 {[%clk 1:30:55]} 2. Nf3 {[%clk 1:31:04]} Nc6 {[%clk
1:31:20]} 3. Bb5 {[%clk 1:31:30]} a6 {[%clk 1:31:45]} 4. Ba4 {[%clk 1:31:55]}
Nf6 {[%clk 1:32:09]} 5. O-O {[%clk 1:32:17]} Be7 {[%clk 1:32:34]} 6. Bxc6
{[%clk 1:32:43]} dxc6 {[%clk 1:32:33]} 7. d3 {[%clk 1:33:06]} Bd6 {[%clk
1:31:36]} 8. Nbd2 {[%clk 1:32:57]} Be6 {[%clk 1:27:53]} 9. b3 {[%clk 1:32:24]}
Nd7 {[%clk 1:27:45]} 10. Nc4 {[%clk 1:31:45]} Bxc4 {[%clk 1:25:39]} 11. bxc4
{[%clk 1:31:00]} Qe7 {[%clk 1:25:45]} 12. Be3 {[%clk 1:24:09]} Rg8 {[%clk
1:18:50]} 13. c3 {[%clk 1:14:02]} O-O-O {[%clk 1:10:45]} 14. Rb1 {[%clk
1:02:25]} g5 {[%clk 1:02:20]} 15. Qb3 {[%clk 0:52:00]} b6 {[%clk 1:02:33]} 16.
Qa4 {[%clk 0:51:01]} Kb7 {[%clk 1:01:42]} 17. Nd2 {[%clk 0:49:13]} Nb8 {[%clk
0:54:01]} 18. Nb3 {[%clk 0:42:00]} c5 {[%clk 0:53:30]} 19. Nc1 {[%clk 0:24:49]}
g4 {[%clk 0:45:15]} 20. Ne2 {[%clk 0:20:28]} Nc6 {[%clk 0:43:22]} 21. Ng3
{[%clk 0:17:33]} Qe6 {[%clk 0:39:52]} 22. Rfd1 {[%clk 0:16:35]} Ne7 {[%clk
0:31:41]} 23. Qb3 {[%clk 0:11:36]} f5 {[%clk 0:29:27]} 24. exf5 {[%clk
0:11:45]} Nxf5 {[%clk 0:29:48]} 25. Nxf5 {[%clk 0:11:43]} Qxf5 {[%clk 0:30:15]}
26. d4 {[%clk 0:10:37]} exd4 {[%clk 0:28:02]} 27. cxd4 {[%clk 0:10:47]} cxd4
{[%clk 0:28:06]} 28. Bxd4 {[%clk 0:10:15]} Bxh2+ {[%clk 0:27:22]} 29. Kxh2
{[%clk 0:09:48]} Rxd4 {[%clk 0:27:43]} 30. Rxd4 {[%clk 0:09:57]} Qe5+ {[%clk
0:28:03]} 31. Kg1 {[%clk 0:09:45]} Qxd4 {[%clk 0:28:31]} 32. Rd1 {[%clk
0:06:26]} Qc5 {[%clk 0:24:47]} 33. Rd5 {[%clk 0:05:56]} Qe7 {[%clk 0:24:38]}
34. Qd1 {[%clk 0:05:15]} g3 {[%clk 0:23:29]} 35. Rd7 {[%clk 0:04:21]} gxf2+
{[%clk 0:22:32]} 36. Kxf2 {[%clk 0:04:40]} Rf8+ {[%clk 0:16:54]} 37. Kg1 {[%clk
0:03:59]} Qc5+ {[%clk 0:15:20]} 38. Qd4 {[%clk 0:03:55]} Rf4 {[%clk 0:10:29]}
39. Qxc5 {[%clk 0:03:27]} bxc5 {[%clk 0:10:57]} 40. Rxh7 {[%clk 0:03:26]} Rxc4
{[%clk 0:11:25]} 41. Rh3 {[%clk 0:28:30]} Kc6 {[%clk 0:40:03]} 42. a3 {[%clk
0:27:33]} Kb5 {[%clk 0:39:07]} 43. Kf1 {[%clk 0:27:12]} Ka4 {[%clk 0:32:19]}
44. Rd3 {[%clk 0:24:19]} a5 {[%clk 0:28:46]} 45. Ke2 {[%clk 0:22:11]} Rc2+
{[%clk 0:28:05]} 46. Kf3 {[%clk 0:18:31]} c4 {[%clk 0:27:49]} 47. Re3 {[%clk
0:17:40]} c3 {[%clk 0:20:26]} 48. g4 {[%clk 0:15:38]} Kb3 {[%clk 0:18:09]} 49.
g5 {[%clk 0:14:30]} Rd2 {[%clk 0:17:59]} 50. g6 {[%clk 0:13:01]} Rd8 {[%clk
0:18:20]} 51. g7 {[%clk 0:12:55]} Rg8 {[%clk 0:17:49]} 52. Re7 {[%clk 0:13:12]}
Kxa3 {[%clk 0:12:48]} 53. Rxc7 {[%clk 0:11:17]} Kb2 {[%clk 0:13:12]} 54. Ke2
{[%clk 0:10:26]} c2 {[%clk 0:12:05]} 55. Rb7+ {[%clk 0:10:29]} Kc1 {[%clk
0:12:15]} 56. Ra7 {[%clk 0:08:24]} a4 {[%clk 0:11:49]} 57. Rxa4 {[%clk
0:08:33]} Kb2 {[%clk 0:12:03]} 0-1

[Event "DEM U14 2020"]
[Site "Willingen GER"]
[Date "2020.10.22"]
[Round "4"]
[White "Rempe, Jonas"]
[Black "Bungarten, Jona"]
[Result "1-0"]
[Termination "normal"]
[Board "12"]
[WhiteElo "1925"]
[BlackElo "1834"]
[WhiteClock "00:10:33"]
[BlackClock "00:24:21"]
[PlyCount "69"]
[WhiteFideId "16202406"]
[BlackFideId "16223608"]
[EventCountry "GER"]
[EventRounds "7"]
[EventType "swiss"]
[EventDate "2020.10.19"]

1. e4 {[%clk 1:30:55]} e5 {[%clk 1:30:53]} 2. Nf3 {[%clk 1:31:20]} Nc6 {[%clk
1:31:18]} 3. Bb5 {[%clk 1:31:46]} Nge7 {[%clk 1:31:41]} 4. Nc3 {[%clk 1:32:09]}
g6 {[%clk 1:31:56]} 5. d4 {[%clk 1:32:33]} exd4 {[%clk 1:32:21]} 6. Nd5 {[%clk
1:32:58]} Bg7 {[%clk 1:32:44]} 7. Bg5 {[%clk 1:33:24]} h6 {[%clk 1:33:08]} 8.
Bf6 {[%clk 1:33:50]} Kf8 {[%clk 1:33:33]} 9. Bxg7+ {[%clk 1:28:20]} Kxg7 {[%clk
1:33:57]} 10. O-O {[%clk 1:26:18]} d6 {[%clk 1:29:09]} 11. Nxd4 {[%clk
1:26:21]} Nxd5 {[%clk 1:20:15]} 12. Nxc6 {[%clk 1:08:50]} bxc6 {[%clk 1:18:00]}
13. Bxc6 {[%clk 1:08:30]} Nf4 {[%clk 1:17:44]} 14. Bxa8 {[%clk 0:49:45]} Ba6
{[%clk 1:15:21]} 15. Bd5 {[%clk 0:46:41]} Bxf1 {[%clk 1:09:08]} 16. Kxf1 {[%clk
0:43:45]} Qf6 {[%clk 1:05:53]} 17. c3 {[%clk 0:42:59]} Rb8 {[%clk 1:05:54]} 18.
Bb3 {[%clk 0:42:20]} Re8 {[%clk 0:58:27]} 19. f3 {[%clk 0:39:27]} Re5 {[%clk
0:54:58]} 20. g3 {[%clk 0:31:36]} Rh5 {[%clk 0:51:24]} 21. Qd2 {[%clk 0:25:31]}
Ne6 {[%clk 0:49:50]} 22. Kg2 {[%clk 0:24:14]} Ng5 {[%clk 0:46:26]} 23. Rf1
{[%clk 0:23:14]} Ne6 {[%clk 0:43:31]} 24. Qe3 {[%clk 0:20:35]} Kh7 {[%clk
0:40:46]} 25. Bd5 {[%clk 0:17:18]} g5 {[%clk 0:36:54]} 26. Qd3 {[%clk 0:14:58]}
Qe5 {[%clk 0:35:11]} 27. Bxe6 {[%clk 0:13:30]} fxe6 {[%clk 0:29:56]} 28. Qd4
{[%clk 0:13:51]} Qb5 {[%clk 0:25:02]} 29. Rf2 {[%clk 0:14:05]} g4 {[%clk
0:23:51]} 30. fxg4 {[%clk 0:12:19]} Re5 {[%clk 0:24:16]} 31. Rf7+ {[%clk
0:11:20]} Kg8 {[%clk 0:23:55]} 32. Qf2 {[%clk 0:11:39]} Qe8 {[%clk 0:23:52]}
33. Rxc7 {[%clk 0:11:54]} Qg6 {[%clk 0:24:00]} 34. Rc8+ {[%clk 0:10:11]} Kh7
{[%clk 0:24:21]} 35. Qxa7+ {[%clk 0:10:33]} 1-0

[Event "DEM U14 2020"]
[Site "Willingen GER"]
[Date "2020.10.22"]
[Round "4"]
[White "Meuer, David"]
[Black "Schubert, Nikita"]
[Result "0-1"]
[Termination "normal"]
[Board "14"]
[WhiteElo "1632"]
[BlackElo "1946"]
[WhiteClock "00:04:43"]
[BlackClock "00:05:02"]
[PlyCount "192"]
[WhiteFideId "16262964"]
[BlackFideId "16212339"]
[EventCountry "GER"]
[EventRounds "7"]
[EventType "swiss"]
[EventDate "2020.10.19"]

1. e4 {[%clk 1:30:58]} e5 {[%clk 1:30:48]} 2. Nf3 {[%clk 1:31:23]} Nc6 {[%clk
1:31:12]} 3. Nc3 {[%clk 1:31:48]} Nf6 {[%clk 1:31:36]} 4. d4 {[%clk 1:32:12]}
exd4 {[%clk 1:31:56]} 5. Nxd4 {[%clk 1:32:34]} Bc5 {[%clk 1:32:11]} 6. Nxc6
{[%clk 1:32:06]} bxc6 {[%clk 1:32:13]} 7. Bd3 {[%clk 1:31:17]} O-O {[%clk
1:31:51]} 8. O-O {[%clk 1:31:32]} Re8 {[%clk 1:31:45]} 9. Bg5 {[%clk 1:27:51]}
h6 {[%clk 1:30:33]} 10. Bh4 {[%clk 1:26:53]} d6 {[%clk 1:28:33]} 11. h3 {[%clk
1:23:51]} Bd4 {[%clk 1:20:55]} 12. Qf3 {[%clk 1:15:19]} Rb8 {[%clk 1:12:02]}
13. Rab1 {[%clk 1:08:44]} Be6 {[%clk 1:07:14]} 14. a3 {[%clk 1:03:18]} g5
{[%clk 0:57:08]} 15. Bg3 {[%clk 1:01:00]} Nd7 {[%clk 0:53:39]} 16. Rfd1 {[%clk
0:45:59]} Ne5 {[%clk 0:47:39]} 17. Bxe5 {[%clk 0:41:31]} Bxe5 {[%clk 0:46:56]}
18. Bf1 {[%clk 0:34:23]} Kh7 {[%clk 0:35:30]} 19. Rd3 {[%clk 0:30:19]} g4
{[%clk 0:22:57]} 20. hxg4 {[%clk 0:28:18]} Rg8 {[%clk 0:22:11]} 21. g3 {[%clk
0:19:06]} Bxg4 {[%clk 0:20:25]} 22. Qe3 {[%clk 0:17:07]} c5 {[%clk 0:16:57]}
23. Bg2 {[%clk 0:14:11]} c6 {[%clk 0:15:43]} 24. b3 {[%clk 0:13:32]} Qf6 {[%clk
0:10:31]} 25. Ne2 {[%clk 0:11:02]} c4 {[%clk 0:07:00]} 26. Rd2 {[%clk 0:10:11]}
Bxe2 {[%clk 0:06:00]} 27. Qxe2 {[%clk 0:09:58]} cxb3 {[%clk 0:03:49]} 28. cxb3
{[%clk 0:10:13]} c5 {[%clk 0:03:16]} 29. Qd3 {[%clk 0:10:04]} Kh8 {[%clk
0:02:53]} 30. Rc2 {[%clk 0:07:06]} Bd4 {[%clk 0:02:20]} 31. Qf3 {[%clk
0:06:43]} Qg6 {[%clk 0:01:52]} 32. Kh1 {[%clk 0:04:16]} Rge8 {[%clk 0:01:45]}
33. Re1 {[%clk 0:02:21]} Re5 {[%clk 0:01:28]} 34. Qd3 {[%clk 0:01:15]} Rh5+
{[%clk 0:01:12]} 35. Kg1 {[%clk 0:01:37]} Rg5 {[%clk 0:01:22]} 36. Kh1 {[%clk
0:01:34]} h5 {[%clk 0:01:00]} 37. Bh3 {[%clk 0:01:17]} Qf6 {[%clk 0:00:47]} 38.
Ree2 {[%clk 0:00:45]} Re8 {[%clk 0:00:45]} 39. Bf5 {[%clk 0:00:47]} Qg7 {[%clk
0:00:41]} 40. Bh3 {[%clk 0:00:34]} h4 {[%clk 0:00:41]} 41. g4 {[%clk 0:24:44]}
Qf6 {[%clk 0:12:01]} 42. Kg2 {[%clk 0:17:52]} Rge5 {[%clk 0:10:56]} 43. Kh1
{[%clk 0:12:37]} Qf4 {[%clk 0:09:44]} 44. Qd2 {[%clk 0:11:10]} Qxd2 {[%clk
0:06:23]} 45. Rcxd2 {[%clk 0:11:23]} d5 {[%clk 0:03:38]} 46. f3 {[%clk
0:10:53]} dxe4 {[%clk 0:04:03]} 47. Rxe4 {[%clk 0:10:31]} Rxe4 {[%clk 0:04:27]}
48. fxe4 {[%clk 0:10:53]} Rxe4 {[%clk 0:04:48]} 49. Rd3 {[%clk 0:10:23]} Re2
{[%clk 0:04:26]} 50. a4 {[%clk 0:09:46]} Kg7 {[%clk 0:04:26]} 51. Bg2 {[%clk
0:08:50]} Be5 {[%clk 0:03:08]} 52. Kg1 {[%clk 0:07:33]} Bg3 {[%clk 0:02:37]}
53. Rf3 {[%clk 0:07:22]} Rb2 {[%clk 0:01:48]} 54. Kf1 {[%clk 0:05:42]} Kg6
{[%clk 0:01:19]} 55. Rf5 {[%clk 0:04:36]} Rxb3 {[%clk 0:01:16]} 56. Rxc5 {[%clk
0:04:43]} Rb1+ {[%clk 0:01:17]} 57. Ke2 {[%clk 0:05:05]} Rb2+ {[%clk 0:01:42]}
58. Kf1 {[%clk 0:04:41]} Rf2+ {[%clk 0:02:02]} 59. Kg1 {[%clk 0:04:43]} Rf4
{[%clk 0:02:08]} 60. Rc1 {[%clk 0:01:27]} Rxa4 {[%clk 0:02:08]} 61. Bh3 {[%clk
0:01:16]} Ra2 {[%clk 0:01:52]} 62. Rc6+ {[%clk 0:01:21]} Kg7 {[%clk 0:01:50]}
63. Rc4 {[%clk 0:01:30]} a5 {[%clk 0:01:37]} 64. Bf1 {[%clk 0:01:03]} a4 {[%clk
0:01:19]} 65. Rc1 {[%clk 0:01:11]} Rb2 {[%clk 0:00:48]} 66. Ra1 {[%clk
0:01:21]} Rb4 {[%clk 0:01:00]} 67. Be2 {[%clk 0:01:12]} Be5 {[%clk 0:01:15]}
68. Ra3 {[%clk 0:01:09]} Bb2 {[%clk 0:01:26]} 69. Ra2 {[%clk 0:00:56]} a3
{[%clk 0:01:45]} 70. Kg2 {[%clk 0:01:13]} Kf6 {[%clk 0:02:06]} 71. Kh3 {[%clk
0:01:00]} Kg5 {[%clk 0:02:32]} 72. Bd1 {[%clk 0:01:12]} Rc4 {[%clk 0:02:27]}
73. Bf3 {[%clk 0:00:37]} Rc3 {[%clk 0:02:52]} 74. Kg2 {[%clk 0:01:00]} f6
{[%clk 0:03:01]} 75. Bd1 {[%clk 0:01:12]} Rg3+ {[%clk 0:03:13]} 76. Kh2 {[%clk
0:01:13]} Rxg4 {[%clk 0:03:16]} 77. Kh3 {[%clk 0:01:21]} Rc4 {[%clk 0:03:08]}
78. Kg2 {[%clk 0:01:23]} Rc3 {[%clk 0:03:30]} 79. Kh2 {[%clk 0:01:13]} Kf4
{[%clk 0:03:54]} 80. Kg2 {[%clk 0:01:16]} Rg3+ {[%clk 0:03:42]} 81. Kh2 {[%clk
0:01:33]} f5 {[%clk 0:03:42]} 82. Bc2 {[%clk 0:01:46]} Ke5 {[%clk 0:03:49]} 83.
Bd1 {[%clk 0:01:46]} f4 {[%clk 0:04:06]} 84. Be2 {[%clk 0:01:11]} f3 {[%clk
0:04:11]} 85. Bf1 {[%clk 0:01:27]} Kd4 {[%clk 0:03:53]} 86. Bh3 {[%clk
0:01:08]} Rxh3+ {[%clk 0:03:40]} 87. Kxh3 {[%clk 0:01:33]} Ke3 {[%clk 0:04:05]}
88. Kxh4 {[%clk 0:01:48]} f2 {[%clk 0:04:25]} 89. Kg3 {[%clk 0:02:08]} f1=Q
{[%clk 0:04:44]} 90. Rxa3+ {[%clk 0:02:32]} Bxa3 {[%clk 0:04:57]} 91. Kg4
{[%clk 0:02:57]} Be7 {[%clk 0:04:48]} 92. Kg3 {[%clk 0:03:18]} Qf4+ {[%clk
0:04:30]} 93. Kg2 {[%clk 0:03:39]} Qf3+ {[%clk 0:04:29]} 94. Kh2 {[%clk
0:03:56]} Qg4 {[%clk 0:04:43]} 95. Kh1 {[%clk 0:04:19]} Kf2 {[%clk 0:05:02]}
96. Kh2 {[%clk 0:04:43]} Qg2# 0-1

[Event "DEM U14 2020"]
[Site "Willingen GER"]
[Date "2020.10.22"]
[Round "4"]
[White "Fuhrmann, Bahne"]
[Black "Sallandt, Frido"]
[Result "1/2-1/2"]
[Termination "normal"]
[Board "15"]
[WhiteElo "1816"]
[BlackElo "1770"]
[WhiteClock "00:10:40"]
[BlackClock "00:24:10"]
[PlyCount "82"]
[WhiteFideId "16244842"]
[BlackFideId "16231767"]
[EventCountry "GER"]
[EventRounds "7"]
[EventType "swiss"]
[EventDate "2020.10.19"]

1. e4 {[%clk 1:30:58]} e6 {[%clk 1:30:55]} 2. d3 {[%clk 1:31:19]} d5 {[%clk
1:31:20]} 3. Nd2 {[%clk 1:31:43]} Nf6 {[%clk 1:31:42]} 4. Ngf3 {[%clk 1:32:03]}
c5 {[%clk 1:32:03]} 5. g3 {[%clk 1:32:23]} Nc6 {[%clk 1:32:26]} 6. Bg2 {[%clk
1:32:35]} Be7 {[%clk 1:32:49]} 7. O-O {[%clk 1:32:48]} O-O {[%clk 1:33:10]} 8.
e5 {[%clk 1:32:59]} Nd7 {[%clk 1:33:34]} 9. Re1 {[%clk 1:33:17]} b5 {[%clk
1:33:57]} 10. Nf1 {[%clk 1:33:20]} Bb7 {[%clk 1:34:08]} 11. Bf4 {[%clk
1:33:19]} Qc7 {[%clk 1:34:29]} 12. h4 {[%clk 1:33:06]} Rfc8 {[%clk 1:34:51]}
13. h5 {[%clk 1:32:57]} h6 {[%clk 1:35:04]} 14. N1h2 {[%clk 1:33:05]} Qd8
{[%clk 1:34:54]} 15. Ng4 {[%clk 1:33:04]} Bf8 {[%clk 1:35:02]} 16. Qd2 {[%clk
1:31:22]} Ne7 {[%clk 1:34:16]} 17. Nh4 {[%clk 1:29:55]} Kh7 {[%clk 1:28:02]}
18. Nh2 {[%clk 1:26:44]} Nc6 {[%clk 1:22:01]} 19. N4f3 {[%clk 1:22:15]} a5
{[%clk 1:18:52]} 20. g4 {[%clk 1:20:28]} Nd4 {[%clk 1:14:58]} 21. c3 {[%clk
1:15:02]} Nxf3+ {[%clk 1:14:58]} 22. Nxf3 {[%clk 1:12:56]} b4 {[%clk 1:08:00]}
23. g5 {[%clk 1:09:48]} bxc3 {[%clk 1:06:22]} 24. bxc3 {[%clk 1:09:43]} Ba6
{[%clk 1:05:55]} 25. Bh3 {[%clk 1:05:51]} Qe7 {[%clk 0:55:49]} 26. Bg3 {[%clk
1:02:02]} Rab8 {[%clk 0:45:33]} 27. Bh4 {[%clk 0:54:47]} Qe8 {[%clk 0:45:46]}
28. Nh2 {[%clk 0:53:52]} hxg5 {[%clk 0:40:20]} 29. Bxg5 {[%clk 0:49:49]} Be7
{[%clk 0:39:55]} 30. f4 {[%clk 0:48:53]} Rb6 {[%clk 0:32:59]} 31. Nf3 {[%clk
0:36:50]} Rcb8 {[%clk 0:30:06]} 32. f5 {[%clk 0:34:50]} Rb2 {[%clk 0:27:22]}
33. Qe3 {[%clk 0:32:55]} d4 {[%clk 0:24:13]} 34. Qf4 {[%clk 0:25:50]} R8b6
{[%clk 0:16:41]} 35. c4 {[%clk 0:23:56]} Bb7 {[%clk 0:15:05]} 36. f6 {[%clk
0:20:04]} Bxf3 {[%clk 0:11:35]} 37. Qxf3 {[%clk 0:19:02]} gxf6 {[%clk 0:10:18]}
38. exf6 {[%clk 0:12:38]} Qg8 {[%clk 0:10:04]} 39. fxe7 {[%clk 0:12:58]} Qxg5+
{[%clk 0:10:23]} 40. Kh1 {[%clk 0:12:59]} Qxe7 {[%clk 0:09:31]} 41. Rg1 {[%clk
0:10:40]} f6 {[%clk 0:24:10]} 1/2-1/2

[Event "DEM U14 2020"]
[Site "Willingen GER"]
[Date "2020.10.22"]
[Round "4"]
[White "Ermitsch, Magnus"]
[Black "Raasch, Hauke"]
[Result "1-0"]
[Termination "normal"]
[Board "16"]
[WhiteElo "2049"]
[BlackElo "1676"]
[WhiteClock "00:52:10"]
[BlackClock "00:34:38"]
[PlyCount "33"]
[WhiteFideId "16234464"]
[BlackFideId "16210034"]
[EventCountry "GER"]
[EventRounds "7"]
[EventType "swiss"]
[EventDate "2020.10.19"]

1. e4 {[%clk 1:30:26]} c6 {[%clk 1:30:35]} 2. Nc3 {[%clk 1:29:44]} d5 {[%clk
1:30:52]} 3. Nf3 {[%clk 1:29:47]} dxe4 {[%clk 1:30:58]} 4. Nxe4 {[%clk
1:29:44]} Nf6 {[%clk 1:30:55]} 5. Qe2 {[%clk 1:29:52]} Nxe4 {[%clk 1:31:00]} 6.
Qxe4 {[%clk 1:29:51]} Qd5 {[%clk 1:30:46]} 7. Qf4 {[%clk 1:29:34]} Qd6 {[%clk
1:27:56]} 8. Qe3 {[%clk 1:27:28]} Bf5 {[%clk 1:27:24]} 9. Nd4 {[%clk 1:25:59]}
Bg6 {[%clk 1:27:07]} 10. f4 {[%clk 1:23:13]} h6 {[%clk 1:21:51]} 11. Be2 {[%clk
1:19:31]} Nd7 {[%clk 1:20:16]} 12. O-O {[%clk 1:16:42]} O-O-O {[%clk 1:08:44]}
13. d3 {[%clk 1:12:28]} e6 {[%clk 1:00:43]} 14. Nb3 {[%clk 1:10:12]} Nc5 {[%clk
0:51:08]} 15. Bd2 {[%clk 0:56:44]} Kb8 {[%clk 0:41:53]} 16. Bb4 {[%clk
0:54:04]} b6 {[%clk 0:34:38]} 17. d4 {[%clk 0:52:10]} 1-0

[Event "DEM U14 2020"]
[Site "Willingen GER"]
[Date "2020.10.22"]
[Round "4"]
[White "Brunner, Alexander"]
[Black "Niemann, Leon"]
[Result "0-1"]
[Termination "normal"]
[Board "21"]
[WhiteElo "1692"]
[BlackElo "1880"]
[WhiteClock "00:43:57"]
[BlackClock "00:07:17"]
[PlyCount "60"]
[WhiteFideId "12965278"]
[BlackFideId "16218388"]
[EventCountry "GER"]
[EventRounds "7"]
[EventType "swiss"]
[EventDate "2020.10.19"]

1. d4 {[%clk 1:30:55]} Nf6 {[%clk 1:30:56]} 2. c4 {[%clk 1:31:13]} c5 {[%clk
1:31:21]} 3. d5 {[%clk 1:31:37]} b5 {[%clk 1:31:45]} 4. cxb5 {[%clk 1:31:38]}
a6 {[%clk 1:32:14]} 5. bxa6 {[%clk 1:31:46]} g6 {[%clk 1:32:26]} 6. Nc3 {[%clk
1:31:44]} Bg7 {[%clk 1:32:32]} 7. e4 {[%clk 1:31:16]} O-O {[%clk 1:32:20]} 8.
Nf3 {[%clk 1:30:44]} Qa5 {[%clk 1:28:03]} 9. Bd2 {[%clk 1:27:17]} Bxa6 {[%clk
1:23:16]} 10. Bxa6 {[%clk 1:27:23]} Nxa6 {[%clk 1:23:33]} 11. O-O {[%clk
1:24:07]} Rfb8 {[%clk 1:21:28]} 12. a4 {[%clk 1:22:13]} Nb4 {[%clk 1:13:39]}
13. e5 {[%clk 1:16:51]} Ng4 {[%clk 1:00:50]} 14. Bf4 {[%clk 1:16:22]} Qa6
{[%clk 0:42:58]} 15. Nb5 {[%clk 1:11:34]} Qb7 {[%clk 0:40:17]} 16. Nc3 {[%clk
1:06:46]} c4 {[%clk 0:29:30]} 17. h3 {[%clk 0:58:23]} Nd3 {[%clk 0:27:46]} 18.
e6 {[%clk 0:50:16]} Nxf4 {[%clk 0:24:21]} 19. exf7+ {[%clk 0:50:10]} Kh8 {[%clk
0:24:10]} 20. hxg4 {[%clk 0:49:42]} Qxb2 {[%clk 0:19:13]} 21. Ne4 {[%clk
0:48:23]} Qxa1 {[%clk 0:18:24]} 22. Qxa1 {[%clk 0:48:34]} Bxa1 {[%clk 0:18:53]}
23. Rxa1 {[%clk 0:49:02]} Nxd5 {[%clk 0:16:55]} 24. Nc5 {[%clk 0:47:55]} Rf8
{[%clk 0:14:34]} 25. Nxd7 {[%clk 0:47:00]} Rxf7 {[%clk 0:14:56]} 26. Nfe5
{[%clk 0:47:20]} Rf4 {[%clk 0:13:41]} 27. Rd1 {[%clk 0:44:56]} Nc3 {[%clk
0:09:40]} 28. Rd2 {[%clk 0:45:04]} Nxa4 {[%clk 0:07:39]} 29. g3 {[%clk
0:43:59]} c3 {[%clk 0:07:04]} 30. Rc2 {[%clk 0:43:57]} Rd4 {[%clk 0:07:17]} 0-1

[Event "DEM U14 2020"]
[Site "Willingen GER"]
[Date "2020.10.23"]
[Round "5"]
[White "Bakiev, Diyor"]
[Black "Albert, Markus"]
[Result "1-0"]
[Termination "normal"]
[Board "1"]
[WhiteElo "2070"]
[BlackElo "1727"]
[PlyCount "109"]
[WhiteFideId "16241584"]
[BlackFideId "16292626"]
[EventCountry "GER"]
[EventRounds "7"]
[EventType "swiss"]
[EventDate "2020.10.19"]

1. b3 d6 2. Bb2 e5 3. e3 Nf6 4. c4 c6 5. Be2 a5 6. d4 Nbd7 7. Nc3 Be7 8. Nf3
O-O 9. O-O Re8 10. Qc2 Bf8 11. Rfd1 Qc7 12. Rac1 Qb8 13. a3 Nb6 14. b4 Bg4 15.
d5 cxd5 16. Nxd5 Nbxd5 17. cxd5 axb4 18. axb4 Rc8 19. Qb3 Qa7 20. h3 Bd7 21.
Ra1 Qb6 22. Nd2 Bf5 23. Nc4 Qd8 24. Bd3 Bxd3 25. Qxd3 Rxa1 26. Rxa1 Ra8 27. Rc1
Rc8 28. e4 Qd7 29. Nb6 Rxc1+ 30. Bxc1 Qc7 31. Be3 Nd7 32. Nc4 g6 33. Na5 Be7
34. Qb5 b6 35. Nc4 Bd8 36. Qc6 Qxc6 37. dxc6 b5 38. cxd7 bxc4 39. b5 Kf8 40. b6
Ke7 41. b7 Bc7 42. Ba7 c3 43. b8=Q Bxb8 44. Bxb8 c2 45. Bxd6+ Kxd7 46. Ba3 f5
47. exf5 gxf5 48. Kf1 Ke6 49. Ke2 f4 50. Kd2 Kf5 51. Kxc2 h5 52. Kd3 e4+ 53.
Kd4 h4 54. Be7 f3 55. gxf3 *